Кинетические закономерности взаимодйствия пара-N-замещенных ароматических альдегидов с анилином; Известия вузов. Химия и химическая технология; Т. 31, № 10

Bibliografiske detaljer
Parent link:Известия вузов. Химия и химическая технология: научно-технический журнал.— , 1958-
Т. 31, № 10.— 1988.— С. 36-38
Hovedforfatter: Бондалетов В. Г. Владимир Григорьевич
Andre forfattere: Бочкарев В. В. Валерий Владимирович
Sprog:russisk
Udgivet: 1988
Fag:
Format: MixedMaterials Book Chapter
KOHA link:https://koha.lib.tpu.ru/cgi-bin/koha/opac-detail.pl?biblionumber=420829

MARC

LEADER 00000naa2a2200000 4500
001 420829
005 20240118110851.0
035 |a (RuTPU)RU\TPU\prd\78468 
035 |a RU\TPU\tpu\10586 
090 |a 420829 
100 |a 20100323a1988 k y0rusy50 ca 
101 0 |a rus 
102 |a RU 
200 1 |a Кинетические закономерности взаимодйствия пара-N-замещенных ароматических альдегидов с анилином  |f В. Г. Бондалетов, В. В. Бочкарев 
461 1 |0 (RuTPU)RU\TPU\prd\192  |t Известия вузов. Химия и химическая технология  |o научно-технический журнал  |d 1958- 
463 1 |0 (RuTPU)RU\TPU\prd\78467  |t Т. 31, № 10  |v С. 36-38  |d 1988 
610 1 |a труды учёных ТПУ 
700 1 |a Бондалетов  |b В. Г.  |c химик-технолог  |c профессор Томского политехнического университета, доктор технических наук  |f 1957-  |g Владимир Григорьевич  |3 (RuTPU)RU\TPU\pers\25605  |9 11534 
701 1 |a Бочкарев  |b В. В.  |c кандидат химических наук  |c ХТФ  |f 1948-  |g Валерий Владимирович  |3 (RuTPU)RU\TPU\pers\3377 
801 2 |a RU  |b 63413507  |c 20160614  |g PSBO 
942 |c BK